ბათუმის შოთა რუსთაველის სახელმწიფო უნივერსიტეტის ბიბლიოთეკა

Computer Networking : (ბიბ.ჩანაწერი № 54399)

000 -LEADER
fixed length control field 00901nam a2200277Ia 4500
001 - CONTROL NUMBER
control field 21455
003 - CONTROL NUMBER IDENTIFIER
control field GE_BSU
005 - DATE AND TIME OF LATEST TRANSACTION
control field 20211115172346.0
008 - FIXED-LENGTH DATA ELEMENTS--GENERAL INFORMATION
fixed length control field 181216s ||||enk|||||||||||||| ||eng||
020 ## - INTERNATIONAL STANDARD BOOK NUMBER
International Standard Book Number 978012856201
040 ## - CATALOGING SOURCE
Transcribing agency GE_BSU
080 ## - UNIVERSAL DECIMAL CLASSIFICATION NUMBER
Universal Decimal Classification number 004.6 K-93
100 ## - MAIN ENTRY--PERSONAL NAME
Personal name Kurose, James F.
9 (RLIN) 8731
245 ## - TITLE STATEMENT
Title Computer Networking :
Remainder of title A Top-Down Approach /
Statement of responsibility, etc. James F. Kurose, Keith W. Ross.
264 ## - PRODUCTION, PUBLICATION, DISTRIBUTION, MANUFACTURE, AND COPYRIGHT NOTICE
Place of production, publication, distribution, manufacture Boston :
Name of producer, publisher, distributor, manufacturer Pearson,
Date of production, publication, distribution, manufacture, or copyright notice 2017.
300 ## - PHYSICAL DESCRIPTION
Extent 862 p. :
Other physical details ill. ;
Dimensions 24 cm.
500 ## - GENERAL NOTE
General note Bibl. p. : 789-822 ; Index. p. : 823-862.
653 ## - INDEX TERM--UNCONTROLLED
keyword Computer Networking
653 ## - INDEX TERM--UNCONTROLLED
keyword A Top-Down Approach
653 ## - INDEX TERM--UNCONTROLLED
keyword Информационные технологии
653 ## - INDEX TERM--UNCONTROLLED
keyword საინფორმაციო ტექნოლოგიები
700 ## - ADDED ENTRY--PERSONAL NAME
Personal name Kurose, James F.
Relator term Author
9 (RLIN) 8731
700 ## - ADDED ENTRY--PERSONAL NAME
Personal name Ross, Keith W.
Relator term Author
9 (RLIN) 8734
942 ## - ADDED ENTRY ELEMENTS (KOHA)
Koha item type წიგნი
Source of classification or shelving scheme
ეგზემპლარები
Withdrawn status Lost status Source of classification or shelving scheme Damaged status Not for loan Permanent Location Current Location Shelving location Date acquired Cost, normal purchase price Full call number Barcode Date last seen Copy number Price effective from Koha item type Public note
          ბათუმის შოთა რუსთაველის სახელმწიფო უნივერსიტეტის მთავარი ბიბლიოთეკა ბათუმის შოთა რუსთაველის სახელმწიფო უნივერსიტეტის მთავარი ბიბლიოთეკა წიგნსაცავი 2018-12-17 245.00 004.6 K-93 55418 2018-12-17 55418 2018-12-17 წიგნი 245.00 GEL.